LEADER 02490nam 2200649 450 001 9910789097503321 005 20230617013652.0 010 $a3-11-091551-0 024 7 $a10.1515/9783110915518 035 $a(CKB)3390000000034575 035 $a(SSID)ssj0000849330 035 $a(PQKBManifestationID)11457486 035 $a(PQKBTitleCode)TC0000849330 035 $a(PQKBWorkID)10829014 035 $a(PQKB)10697669 035 $a(MiAaPQ)EBC3043483 035 $a(DE-B1597)57168 035 $a(OCoLC)979850506 035 $a(DE-B1597)9783110915518 035 $a(Au-PeEL)EBL3043483 035 $a(CaPaEBR)ebr10772562 035 $a(OCoLC)922946660 035 $a(EXLCZ)993390000000034575 100 $a20040224d2003 uy| 0 101 0 $aeng 135 $aurcnu|||||||| 181 $ctxt 182 $cc 183 $acr 200 10$aIll-posed boundary-value problems /$fS.E. Temirbolat 205 $aReprint 2012 210 1$aUtrecht ;$aBoston :$cVSP,$d2003. 215 $a1 online resource (152 pages) $cillustrations 225 0 $aInverse and Ill-Posed Problems Series ;$v43 225 0$aInverse and ill-posed problems series 300 $aBibliographic Level Mode of Issuance: Monograph 311 $a3-11-063109-1 311 $a90-6764-395-5 320 $aIncludes bibliographical references (pages [139]-144). 327 $tFrontmatter -- $tPreface -- $tContents -- $tIntroduction -- $tChapter 1. Construction of ill-posed problems for a system of the first order ODE -- $tChapter 2. Parabolic problems -- $tChapter 3. Hyperbolic equations -- $tBibliography 330 $aThis monograph extends well-known facts to new classes of problems and works out novel approaches to the solution of these problems. It is devoted to the questions of ill-posed boundary-value problems for systems of various types of the first-order differential equations with constant coefficients and the methods for their solution. 606 $aBoundary value problems 610 $aBoundary-Value Problems. 610 $aConstant Coefficients. 610 $aDifferential Equations. 610 $aFirst-Order. 610 $aIll-posed Problems. 615 0$aBoundary value problems. 676 $a515/.35 700 $aTemirbolat$b S. E$01465926 801 0$bMiAaPQ 801 1$bMiAaPQ 801 2$bMiAaPQ 906 $aBOOK 912 $a9910789097503321 996 $aIll-posed boundary-value problems$93676174 997 $aUNINA LEADER 02654nam 2200637 450 001 9910811629603321 005 20170822144319.0 010 $a1-4704-0581-4 035 $a(CKB)3360000000465151 035 $a(EBL)3114192 035 $a(SSID)ssj0000889048 035 $a(PQKBManifestationID)11479154 035 $a(PQKBTitleCode)TC0000889048 035 $a(PQKBWorkID)10876003 035 $a(PQKB)10596544 035 $a(MiAaPQ)EBC3114192 035 $a(RPAM)16182524 035 $a(PPN)195418573 035 $a(EXLCZ)993360000000465151 100 $a20150417h20102010 uy 0 101 0 $aeng 135 $aur|n|---||||| 181 $ctxt 182 $cc 183 $acr 200 10$aLyapunov exponents and invariant manifolds for random dynamical systems in a Banach space /$fZeng Lian, Kening Lu 210 1$aProvidence, Rhode Island :$cAmerican Mathematical Society,$d2010. 210 4$d©2010 215 $a1 online resource (106 p.) 225 1 $aMemoirs of the American Mathematical Society,$x0065-9266 ;$vVolume 206, Number 967 300 $a"Volume 206, Number 967 (first of 4 numbers)." 311 $a0-8218-4656-6 320 $aIncludes bibliographical references. 327 $a""Contents""; ""Abstract""; ""Chapter 1. Introduction""; ""Acknowledgement""; ""Chapter 2. Random Dynamical Systems and Measures of Noncompactness""; ""Chapter 3. Main Results""; ""Chapter 4. Volume Function in Banach Spaces""; ""Chapter 5. Gap and Distance Between Closed Linear Subspaces""; ""Chapter 6. Lyapunov Exponents and Oseledets Spaces""; ""Chapter 7. Measurable Random Invariant Complementary Subspaces""; ""Chapter 8. Proof of Multiplicative Ergodic Theorem""; ""Chapter 9. Stable and Unstable Manifolds""; ""Appendix A. Subadditive Ergodic Theorem""; ""Appendix B. Non-ergodic Case"" 327 $a""Bibliography"" 410 0$aMemoirs of the American Mathematical Society ;$vVolume 206, Number 967. 606 $aRandom dynamical systems 606 $aLyapunov exponents 606 $aErgodic theory 606 $aInvariant manifolds 606 $aBanach spaces 615 0$aRandom dynamical systems. 615 0$aLyapunov exponents. 615 0$aErgodic theory. 615 0$aInvariant manifolds. 615 0$aBanach spaces. 676 $a515/.39 700 $aLian$b Zeng$f1980-$01622162 701 $aLu$b Kening$f1962-$01622163 801 0$bMiAaPQ 801 1$bMiAaPQ 801 2$bMiAaPQ 906 $aBOOK 912 $a9910811629603321 996 $aLyapunov exponents and invariant manifolds for random dynamical systems in a Banach space$93955853 997 $aUNINA LEADER 01782cam0-22003371i-450 001 990001664320403321 005 20250724135108.0 035 $a(Aleph)000166432FED01 100 $a20030910d1783----km-y0itay50------ba 101 0 $aita 102 $aIT 105 $ay-------001yy 200 1 $aDizionario d'agricoltura o sia La coltivazione italiana, in cui si contiene la coltura, e conservazione de' diversi prodotti riguardanti le terre seminative, i prati, i boschi, le vigne, ed i giardini. Come pure il governo de' bestiami, de' colombi, de' polli, dell'api, de' bachi da seta, le loro malattie, ed i loro rispettivi rimedj, ... Raccolto dalle pił sicure e recenti osservazioni da Ignazio Ronconi ... Tomo primo [-quarto] 205 $aNuova edizione corretta e notabilmente accresciuta dall'autore ... e divisa in quattro tomi 210 $aIn Venezia$cper Francesco Sansoni$d1783 215 $a4 v.$d8° 610 0 $aAgricoltura$aDizionari 610 0 $aLibri rari$a1700 620 $aItalia.$dVenezia 676 $a630.3$zita 676 $a094.2 700 1$aRonconi,$bIgnazio$071850 801 0$aIT$bUNINA$gRICA$2UNIMARC 901 $aAQ 912 $a990001664320403321 952 $a60 094.2 C 55$bOPV 35165...$fFAGBC 952 $aSG 400/A 10 (1)$fFLFBC 959 $aFAGBC 959 $aFLFBC 996 $aDizionario d'agricoltura o sia La coltivazione italiana, in cui si contiene la coltura, e conservazione de' diversi prodotti riguardanti le terre seminative, i prati, i boschi, le vigne, ed i giardini. Come pure il governo de' bestiami, de' colombi, de' polli, dell'api, de' bachi da seta, le loro malattie, ed i loro rispettivi rimedj, ... Raccolto dalle pił sicure e recenti osservazioni da Ignazio Ronconi ... Tomo primo$9373137 997 $aUNINA